Top 10 Songs By Cream - Statistics

General Stats
  • This quiz has been taken 3 times
  • The average score is 6 of 10
Answer Stats
Hint Answer % Correct
2 White Room
100%
4 Badge
67%
3 Crossroads
67%
6 I Feel Free
67%
5 Strange Brew
67%
1 Sunshine of Your Love
67%
7 Tales of Brave Ulysses
67%
8 Born Under a Bad Sign
33%
9 SWLABR
33%
10 Anyone For Tennis
0%
No matching quizzes found
Score Distribution
Percent of People with Each Score
Percentile by Number Answered
Your Score History
You have not taken this quiz